00558nam a2200193 a 4500001001300000003000900013005001700022008004100039020002300080082001700103100002600120245007000146260003700216300000900253500003500262505001800297650002300315700002600338nice12345678IN_TiNIC20260116015026.0090506s2008 oxfa grp 000 0 eng  a9781870345699c10000a306.630bSIN aSingh, David Emmanuel aChristianity and Culturesb Shaping Christian Thinking in Context aOxford, UK bRegnum Books c2008 a269p aincludes index and biblioraphy2 abiblio, index aChurch and Culture1 aSingh, David Emmanuel